| 000 | 00705nam a22002177a 4500 | ||
|---|---|---|---|
| 999 |
_c17380 _d17380 |
||
| 003 | AR-CdUCM | ||
| 008 | 190508b ||||| |||| 00| 0 spa d | ||
| 040 |
_aMUNICIPALIDAD PROVINCIAL DEL CUSCO _cBIBLIOTECA MUNICIPAL DEL CUSCO |
||
| 082 |
_a868.65 / _bG21 |
||
| 100 |
_aGarcía Lorca, Federico _96798 |
||
| 245 |
_aLibro de poemas ,primeras canciones : _bCanciones ,seis poemas galecos / |
||
| 260 |
_aBuenos Aires : _bLosada, _c1938. |
||
| 300 |
_a225 paginas ; _c18 cm. |
||
| 505 | _aContenido : Poemas --Canciones / | ||
| 650 |
_aLiteratura española _9362 |
||
| 650 |
_aPoesias _92556 |
||
| 650 |
_aCanciones _914568 |
||
| 650 |
_aSiglo XX _98 |
||
| 942 |
_2ddc _cLIBROS |
||
| 945 |
_arjall _d2019-05-08 |
||